Analyse économique de la firme (notice n° 1568778)
[ vue normale ]
| 000 -LEADER | |
|---|---|
| fixed length control field | 01274cam a2200133 4500500 |
| 005 - DATE AND TIME OF LATEST TRANSACTION | |
| control field | 20251214005327.0 |
| 041 ## - LANGUAGE CODE | |
| Language code of text/sound track or separate title | fre |
| 042 ## - AUTHENTICATION CODE | |
| Authentication code | dc |
| 100 10 - MAIN ENTRY--PERSONAL NAME | |
| Personal name | Chaudey, Magali |
| Relator term | author |
| 245 00 - TITLE STATEMENT | |
| Title | Analyse économique de la firme |
| 260 ## - PUBLICATION, DISTRIBUTION, ETC. | |
| Name of publisher, distributor, etc. | Armand Colin,<br/> |
| Date of publication, distribution, etc. | 2014.<br/> |
| 520 ## - SUMMARY, ETC. | |
| Summary, etc. | L’analyse économique de la firme a connu des développements majeurs depuis ces trente dernières années. Cette analyse renvoie à plusieurs questions : la définition de la firme et de ses spécificités, les raisons de l’existence de la firme, ses frontières ou son mode d’organisation interne.Dans un cadre théorique contractuel, la firme peut se définir comme un mode de coordination alternatif au marché et hiérarchisé (théorie des coûts de transaction) ou un « nœud de contrats » (théories des droits de propriété, des contrats incomplets et de l’agence). Les approches non-contractuelles de la firme – représentées par les théories béhavioriste, évolutionniste et des conventions – privilégient une représentation cognitive et dynamique de la firme via l’introduction des concepts de règles, de routines et de conventions. |
| 856 41 - ELECTRONIC LOCATION AND ACCESS | |
| Uniform Resource Identifier | <a href="https://shs.cairn.info/analyse-economique-de-la-firme--9782200291204?lang=fr&redirect-ssocas=7080">https://shs.cairn.info/analyse-economique-de-la-firme--9782200291204?lang=fr&redirect-ssocas=7080</a> |
Pas d'exemplaire disponible.




Réseaux sociaux